| 000 -ლიდერი |
| ფიქსირებული სიგრძის საკონტროლო ველი |
01214nam a2200253Ia 4500 |
| 001 - საკონტროლო ნომერი |
| საკონტროლო ველი |
20427 |
| 003 - საკონტროლო ნომრის იდენტიფიკატორი |
| საკონტროლო ველი |
GE_BSU |
| 005 - ბოლო ოპერაციის თარიღი და დრო |
| საკონტროლო ველი |
20201204211841.0 |
| 008 - ფიქსირებული სიგრძის მონაცემთა ელემენტები - ზოგადი ინფორმაცია |
| ფიქსირებული სიგრძის საკონტროლო ველი |
181216s1972||||ge |||||||||||||| ||geo|| |
| 040 ## - კატალოგიზაციის წყარო |
| Transcribing agency |
GE_BSU |
| 041 ## - ენის კოდი |
| Language code of text/sound track or separate title |
geo |
| 080 ## - უნივერსალური ათობითი კლასიფიკაციის ინდექსი |
| Universal Decimal Classification number |
811.353.1-84(075.3=161.1) ჩ-62 |
| 100 ## - მთავარი ჩანაწერი - პიროვნების სახელი |
| Personal name |
ჩინჩალაძე, მ. |
| 9 (RLIN) |
9829 |
| 245 ## - ცნობა სათაურის შესახებ |
| Title |
ქართული ენა : |
| Remainder of title |
სახელმძღვ. საქ. სსრ რუსული სკოლის IX კლასისათვის / |
| Statement of responsibility, etc |
მ. ჩინჩალაძე, ს. დვალი ; რედ. : ლ. კვინიკაძე, ლ. გურეშიძე. |
| 264 ## - წარმოების, გამოცემის, დისტრიბუციის და სხვა ცნობები |
| გამოცემის, წარმოების, დისტრიბუციის... ადგილი |
თბილისი : |
| გამოცემის, წარმოების, დისტრიბუციის... სახელწოდება |
განათლება, |
| გამოცემის, წარმოების, დისტრიბუციის... თარიღი |
1972. |
| 300 ## - ფიზიკური აღწერა |
| Extent |
186 გვ. : |
| Other physical details |
ილ. ; |
| Dimensions |
21სმ. |
| 653 ## - INDEX TERM--UNCONTROLLED |
| Uncontrolled term |
სახელმძღვანელო რუსული სკოლებისათვის |
| 653 ## - INDEX TERM--UNCONTROLLED |
| Uncontrolled term |
ქართული ენა |
| 700 ## - ADDED ENTRY--PERSONAL NAME |
| Personal name |
დვალი, ს. |
| Relator term |
ავტორი |
| 9 (RLIN) |
9830 |
| 700 ## - ADDED ENTRY--PERSONAL NAME |
| Personal name |
კვინიკაძე, ლ. |
| Relator term |
რედაქტორი |
| 9 (RLIN) |
9831 |
| 700 ## - ADDED ENTRY--PERSONAL NAME |
| Personal name |
გურეშიძე, ლ. |
| Relator term |
რედაქტორი |
| 9 (RLIN) |
9832 |
| 942 ## - ADDED ENTRY ELEMENTS (KOHA) |
| Koha item type |
წიგნი |
| Source of classification or shelving scheme |
|